| 000 | 00518nam a22001697a 4500 | ||
|---|---|---|---|
| 999 |
_c8708 _d8708 |
||
| 008 | 201211b ||||| |||| 00| 0 eng d | ||
| 040 | _aBMS College of Architecture | ||
| 100 | _aVasista, Bhavana | ||
| 245 | _aRang mancha stage for performance | ||
| 300 | _a27p. | ||
| 500 | _a1BM11AT014 | ||
| 502 |
_8B,Arch _NBMS College of Architecture, Visvesvaraya Technological University (VTU) _aProject report _d2016 |
||
| 650 | _aNA | ||
| 700 |
_aSamhita B S _eGuide |
||
| 700 |
_aPrathima reddy _eGuide |
||
| 942 |
_2lcc _cTHE |
||